00000000nam##2200000za#4500
0019.700088
003CaOODSP
00520220125145842
007cr |||||||||||
008150407|2000||||xxc|||||o    f|0| 0 eng|d
040 |aCaOODSP|beng
043 |an-cn---
0861 |aD2-348/2000E-PDF
1101 |aCanada. |bDepartment of National Defence.
24510|aMeasuring ethical values in the Department of National Defence : |h[electronic resource]|bresults of the 1999 research : sponsor research report 00-1 / |cby Dr. V. Catano, Dr. K. Kelloway, and Major JE Adams-Roy ; [issued by] Directorate Human Resources Research and Evaluation.
2461 |aBaseline assessment of ethical values in DND, Phase II report
260 |aOttawa - Ontario : |bNational Defence |cJuly 2000.
300 |a117p.|bfig., graphs, references, tables
500 |a"Defence Ethics Program"--p.1 of 117.
590 |a14-20-Supp|b2014-11-25
69007|aArmed forces|2gcpds
69007|aDecision making|2gcpds
69007|aEthics|2gcpds
77508|tMesure des valeurs éthiques au ministère de la Défense nationale : |w(CaOODSP)9.643999
85640|ahttp://publications.gc.ca|qPDF|s4.16 MB|uhttps://publications.gc.ca/collections/collection_2014/mdn-dnd/D2-348-2000-eng.pdf